<?xml version="1.0" encoding="UTF-8"?>
<record
    xmlns:xsi="http://www.w3.org/2001/XMLSchema-instance"
    xsi:schemaLocation="http://www.loc.gov/MARC21/slim http://www.loc.gov/standards/marcxml/schema/MARC21slim.xsd"
    xmlns="http://www.loc.gov/MARC21/slim">

  <leader>01382pam a2200337 a 4500</leader>
  <controlfield tag="001">1125994</controlfield>
  <controlfield tag="003">NUST-PNEC</controlfield>
  <controlfield tag="005">20170116180708.0</controlfield>
  <controlfield tag="008">940812s1994    ne a          100 0 eng  </controlfield>
  <datafield tag="010" ind1=" " ind2=" ">
    <subfield code="a">   94034765 </subfield>
  </datafield>
  <datafield tag="020" ind1=" " ind2=" ">
    <subfield code="a">0444819711 </subfield>
  </datafield>
  <datafield tag="040" ind1=" " ind2=" ">
    <subfield code="c">PNEC</subfield>
  </datafield>
  <datafield tag="050" ind1="0" ind2="0">
    <subfield code="a">TS176</subfield>
    <subfield code="b">.A343 1994</subfield>
  </datafield>
  <datafield tag="082" ind1="0" ind2="0">
    <subfield code="a">670.42 SOD</subfield>
    <subfield code="2">20</subfield>
  </datafield>
  <datafield tag="100" ind1=" " ind2=" ">
    <subfield code="9">422</subfield>
    <subfield code="a">Sodhi, R.S.</subfield>
  </datafield>
  <datafield tag="245" ind1="0" ind2="0">
    <subfield code="a">Advances in manufacturing systems :</subfield>
    <subfield code="b">design, modeling, and analysis /</subfield>
    <subfield code="c">edited by R.S. Sodhi ; assistant editors, M. Zhou and S. Das.</subfield>
  </datafield>
  <datafield tag="260" ind1=" " ind2=" ">
    <subfield code="a">Amsterdam ;</subfield>
    <subfield code="a">New York :</subfield>
    <subfield code="b">Elsevier,</subfield>
    <subfield code="c">1994.</subfield>
  </datafield>
  <datafield tag="300" ind1=" " ind2=" ">
    <subfield code="a">xiv, 462 p. :</subfield>
    <subfield code="b">ill. ;</subfield>
    <subfield code="c">25 cm.</subfield>
  </datafield>
  <datafield tag="440" ind1=" " ind2="0">
    <subfield code="a">Manufacturing research and technology ;</subfield>
    <subfield code="v">22</subfield>
  </datafield>
  <datafield tag="500" ind1=" " ind2=" ">
    <subfield code="a">Includes Index http://www.amazon.com/s/ref=nb_sb_noss?url=search-alias%3Dstripbooks&amp;field-keywords=0444819711</subfield>
  </datafield>
  <datafield tag="504" ind1=" " ind2=" ">
    <subfield code="a">Includes bibliographical references.</subfield>
  </datafield>
  <datafield tag="650" ind1=" " ind2="0">
    <subfield code="a">Production engineering.</subfield>
  </datafield>
  <datafield tag="650" ind1=" " ind2="0">
    <subfield code="a">Production management.</subfield>
  </datafield>
  <datafield tag="650" ind1=" " ind2="0">
    <subfield code="a">Manufacturing processes.</subfield>
  </datafield>
  <datafield tag="650" ind1=" " ind2="0">
    <subfield code="a">Production control.</subfield>
    <subfield code="x">IME</subfield>
  </datafield>
  <datafield tag="700" ind1="1" ind2=" ">
    <subfield code="a">Sodhi, R. S.</subfield>
    <subfield code="q">(Raj S.)</subfield>
  </datafield>
  <datafield tag="711" ind1="2" ind2=" ">
    <subfield code="a">International Conference on CAD/CAM, Robotics, and Factories of the Future</subfield>
    <subfield code="n">(9th :</subfield>
    <subfield code="d">1993 :</subfield>
    <subfield code="c">Newark, N.J.)</subfield>
  </datafield>
  <datafield tag="906" ind1=" " ind2=" ">
    <subfield code="a">7</subfield>
    <subfield code="b">cbc</subfield>
    <subfield code="c">orignew</subfield>
    <subfield code="d">1</subfield>
    <subfield code="e">ocip</subfield>
    <subfield code="f">19</subfield>
    <subfield code="g">y-gencatlg</subfield>
  </datafield>
  <datafield tag="942" ind1=" " ind2=" ">
    <subfield code="2">ddc</subfield>
    <subfield code="c">BK</subfield>
  </datafield>
  <datafield tag="999" ind1=" " ind2=" ">
    <subfield code="c">60806</subfield>
    <subfield code="d">60806</subfield>
  </datafield>
  <datafield tag="952" ind1=" " ind2=" ">
    <subfield code="0">0</subfield>
    <subfield code="1">0</subfield>
    <subfield code="2">ddc</subfield>
    <subfield code="4">0</subfield>
    <subfield code="7">0</subfield>
    <subfield code="a">PNEC</subfield>
    <subfield code="b">PNEC</subfield>
    <subfield code="c">REF</subfield>
    <subfield code="d">1996-09-29</subfield>
    <subfield code="e">Pak Book Co.</subfield>
    <subfield code="g">7405.70</subfield>
    <subfield code="l">0</subfield>
    <subfield code="o">670.42 SOD</subfield>
    <subfield code="p">PNECLIB-019013</subfield>
    <subfield code="r">2014-09-29</subfield>
    <subfield code="v">7405.70</subfield>
    <subfield code="w">1996-09-29</subfield>
    <subfield code="y">BK</subfield>
  </datafield>
</record>
